<?xml version="1.0" encoding="UTF-8"?>
<record
    xmlns:xsi="http://www.w3.org/2001/XMLSchema-instance"
    xsi:schemaLocation="http://www.loc.gov/MARC21/slim http://www.loc.gov/standards/marcxml/schema/MARC21slim.xsd"
    xmlns="http://www.loc.gov/MARC21/slim">

  <leader>01734cam a22001818i 4500</leader>
  <datafield tag="020" ind1=" " ind2=" ">
    <subfield code="a">9781119626329</subfield>
  </datafield>
  <datafield tag="040" ind1=" " ind2=" ">
    <subfield code="c">DLC</subfield>
  </datafield>
  <datafield tag="082" ind1="0" ind2="0">
    <subfield code="a">631 JOH 2021 A006 Or.</subfield>
  </datafield>
  <datafield tag="100" ind1="1" ind2=" ">
    <subfield code="a">Acquaah, George,</subfield>
  </datafield>
  <datafield tag="245" ind1="1" ind2="0">
    <subfield code="a">Principles of plant genetics and breeding /</subfield>
  </datafield>
  <datafield tag="250" ind1=" " ind2=" ">
    <subfield code="a">Third edition.</subfield>
  </datafield>
  <datafield tag="300" ind1=" " ind2=" ">
    <subfield code="a">pages cm</subfield>
  </datafield>
  <datafield tag="500" ind1=" " ind2=" ">
    <subfield code="a">Includes index.</subfield>
  </datafield>
  <datafield tag="520" ind1=" " ind2=" ">
    <subfield code="a">"Principles of Plant Genetics and Breeding, 3rd Edition introduces both classical and molecular tools for plant breeding. Topics such as biotechnology in plant breeding, intellectual property, risks, emerging concepts (decentralized breeding, organic breeding), and more are addressed in the updated edition of this text. Industry highlight boxes are included throughout the text to contextualize the information given through the professional experiences of plant breeders. The final chapters provide a useful reference on breeding the largest and most common crops. New to this edition - A more comprehensive list of molecular markers: Allozyme, RFLPs, RAPD, SSR, ISSR, DAMD, SCoT, AFLP, SNPs, ESTs, SCAR, DArT, RAMP. A table of comparison of these markers will be included. New plant breeding techniques will be discussed, including - (NPBTs): Zinc finger nuclease, TALE nuclease (TALENs), Oligonucleotide directed mutagenesis (ODM), Cisgenesis and intragenesis, RNA-dependent DNA methylation (RdDM), Grafting on GM stock, Reverse breeding, Agro-infiltration, Genome editing (CRSPR-Cas system). Section on breeding selected crops will be removed (based on feedback from readers/reviewers). Industry highlights within the main text will highlight applications of some breeding methods in other chapters"--</subfield>
  </datafield>
  <datafield tag="650" ind1=" " ind2="0">
    <subfield code="a">Plant breeding.</subfield>
  </datafield>
  <datafield tag="650" ind1=" " ind2="0">
    <subfield code="a">Plant genetics.</subfield>
  </datafield>
  <datafield tag="942" ind1=" " ind2=" ">
    <subfield code="c">AEDBB</subfield>
  </datafield>
  <datafield tag="999" ind1=" " ind2=" ">
    <subfield code="c">20763</subfield>
    <subfield code="d">20763</subfield>
  </datafield>
  <datafield tag="952" ind1=" " ind2=" ">
    <subfield code="0">0</subfield>
    <subfield code="1">0</subfield>
    <subfield code="4">0</subfield>
    <subfield code="6">631_000000000000000_JOH_2021_A028_OR</subfield>
    <subfield code="7">0</subfield>
    <subfield code="9">92268</subfield>
    <subfield code="a">LBA</subfield>
    <subfield code="b">LBA</subfield>
    <subfield code="c">A028</subfield>
    <subfield code="d">2022-11-25</subfield>
    <subfield code="l">1</subfield>
    <subfield code="o">631 JOH 2021 A028 Or.</subfield>
    <subfield code="p">a069622</subfield>
    <subfield code="r">2024-01-26</subfield>
    <subfield code="s">2023-12-22</subfield>
    <subfield code="y">AEDBB</subfield>
  </datafield>
</record>
